000 01061na a2200301 4500
999 _c15434
_d15434
001 22348
003 MIRAKIL
005 20240216164307.0
008 170213b tu 000 0
035 _a22348
040 _aMilas
_btur
_cTR-AnCHP
041 _atur
090 _aSHP 18
110 _aSosyaldemokrat Halkçı Parti (SHP)
245 _aDoğu ve Güneydoğu sorunlarına bakışı ve çözüm önerileri
_cSosyaldemokrat Halkçı Parti Merkez Yürütme Kurulu
260 _aAnkara
_bSHP
_cTemmuz 1990
300 _a40 p.
_c19 cm.
440 _aSHP yayınları
_pPolitika önerileri
610 _aSHP
_xDoğu ve Güneydoğu politikaları
_yÖneriler
610 _aSHP
_xDoğu ve Güneydoğu sorunu
_yÇözüm önerileri
650 _aYargı reformu
650 _aSosyal demokrat partiler
_xSHP
_yDoğu ve Güneydoğu Anadolu Bölgesi
_zTürkiye
830 _aSHP politika önerileri
856 _zDijital Nüshası için Partimizin Kütüphane Sorumlusu ile iletişime geçiniz.
942 _2ddc
_cBKS
999 _d9675